000 00386nam a22001457a 4500
005 20250324123717.0
008 250324b |||||||| |||| 00| 0 eng d
020 _a8122001580
050 _aHD2955
_bDHA
100 _aDhal, P. C.
245 _aA Textbook of cooperative management
260 _aNew Delhi
_bKonark Publishers Pvt. Ltd
_cc1989
300 _aviii, 112p
942 _2lcc
_cBK
_n0
999 _c5141
_d5141